000
00275nam a2200109Ia 4500
008
190919s9999||||xx |||||||||||||| ||und||
100
_a
John Smiley
245
0
_a
Learn To Program With Visual Basic. Net
260
_a
New Delhi
_b
Prentice
_c
2002
300
_a
541
942
_c
BK
999
_c
10610
_d
10610